000 01153nam a2200301 i 4500
003 DO-SdBNP
005 20230815080146.0
006 a||||br|||| 00| 0
007 ta
008 230814t1978 dr a|||| |||| 00| 0 spa d
040 _aDO-SdBNP
_bspa
_cBNPHU
_erda
082 4 _222
_bA465L
100 1 _aLuisa María Altagracia
_930645
_eautora
245 1 0 _aLenguaje 3er curso:
_beducación media libro del alumno. /
_cLuisa María Altagracia, Argentina Bajarán de Rodríguez, Tomasina Espinosa de Rodríguez, Germecinda Llaverías Colón, Celia Moya, Ana Silverio
264 4 _aSanto Domingo :
_bedyca,
_c1978
300 _a127 páginas :
_bIlustraciones ;
_c25 cm.
336 _2rdacontent
_atexto
_btxt
337 _2rdamedia
_asin mediación
_bn
338 _2rdacarrier
_avolumen
_bnc
490 _aEducación Santillana
590 _aInventariado 2023 / MF
700 1 _aBajarán de Rodríguez, Argentina
_eautora
_983949
700 1 _aEspinosa de Rodríguez, Tonmasina,
_eautora
_983950
700 1 _aLlaverías Colón, Germecinda,
_930647
_eautora
700 1 _aMoyano, Celia
_930648
_eautora
700 1 _aSilvente, Ana
_980502
942 _2ddc
_cLBS1
999 _c54401
_d54401